=LDR 00000nam 2200000 4500 =001 INLIS000000000019758 =005 20130612114805 =008 ***********************************Ind** =035 ##$$0010-061300000019758 =041 ##$$a Ind =082 ##$$a R.005.362 03 =090 ##$$a R.005.362 03, Kam k =100 ##$$a Husnan =245 ##$$a Kamus istilah komputer bergambar, Dr. Husnan =260 ##$$a 1993 $b Bandung =300 ##$$a vii, 194 hlm, ilus, 21 cm =650 ##$$a Komputer-Kamus istilah =850 ##$$a NBPNMAT